MARC

LEADER 00000nam0a2200000 4500
001 109235
005 20231031115942.0
010 |a 5895510167 
035 |a (RuTPU)RU\TPU\book\117914 
090 |a 109235 
100 |a 20070201d2005 km y0rusy50 ca 
101 0 |a rus 
102 |a RU 
105 |a y b 000zy 
200 1 |a Зарубежные масла, смазки, присадки, технические жидкости: ассортимент, свойства, применение  |f В. Д. Резников [и др.] 
210 |a Москва  |c Техинформ  |d 2005 
215 |a 384 с. 
225 1 |a Международный каталог 
610 1 |a смазочные масла 
610 1 |a моторные масла 
610 1 |a трансмиссионные масла 
610 1 |a гидравлические масла 
610 1 |a энергетические масла 
610 1 |a индустриальные масла 
610 1 |a пластичные смазки 
610 1 |a охлаждающие жидкости 
610 1 |a зарубежные производители 
610 1 |a Agip 
610 1 |a BP 
610 1 |a Castrol 
610 1 |a Chevron 
610 1 |a Esso Mobil 
610 1 |a Gulf 
610 1 |a Neste 
610 1 |a Q-8 
610 1 |a 76 
610 1 |a Shell 
610 1 |a Teboil 
610 1 |a Texaco 
610 1 |a Total 
610 1 |a ELf 
610 1 |a Valvoline 
610 1 |a ZIC 
610 1 |a международные каталоги 
675 |a 665.76(085)  |v 3 
701 1 |a Резников  |b В. Д. 
701 1 |a Шестаковская  |b Т. В. 
701 1 |a Чепурова  |b М. Б. 
701 1 |a Довгополый  |b Е. Е. 
801 1 |a RU  |b 63413507  |c 20070201  |g PSBO 
801 2 |a RU  |b 63413507  |c 20070502  |g PSBO 
942 |c BK 
959 |a 10/20070129  |d 1  |e 2500,00  |f ЧЗТЛ:1